| 000 | 01447nam a2200469 a 4500 | ||
|---|---|---|---|
| 003 | AR-BaBNM | ||
| 005 | 20251128204005.0 | ||
| 008 | 082120s2002 ||||||||||||||000 | spa|| | ||
| 020 | _a950-600-135-9 | ||
| 040 | _cAR-BaBNM | ||
| 110 | 1 |
_aArgentina _bMinisterio de Educación y Justicia |
|
| 245 | 0 | 0 |
_aLa reforma universitaria _b1918-1988 |
| 260 |
_aBuenos Aires _bLegasa _bFundación Friedrich Ebert _c1989 |
||
| 300 |
_a220 p. _btablas |
||
| 600 | 1 | 4 | _aHengstenberg, Peter |
| 600 | 1 | 4 | _aStaricco, Eduardo H. |
| 600 | 1 | 4 | _aRomero, Armando |
| 600 | 1 | 4 | _aRébora, Luis Armando |
| 600 | 1 | 4 | _aSábato, Jorge |
| 600 | 1 | 4 | _aGala Muñoz, Manuel |
| 600 | 1 | 4 | _aStubrin, Adolfo Luis |
| 600 | 1 | 4 | _aTaiana, Jorge |
| 600 | 1 | 4 | _aShuberoff, Oscar |
| 600 | 1 | 4 | _aGarcía de Longorie, Ricardo |
| 600 | 1 | 4 | _aDecanini, Luis Domingo |
| 600 | 1 | 4 | _aKovalskys, Silvio |
| 600 | 1 | 4 | _aBastos, Edinaldo |
| 600 | 1 | 4 | _aVanossi, Reinaldo |
| 600 | 1 | 4 | _aEstévez Boero, Guillermo |
| 650 | 4 | _aUNIVERSIDADES | |
| 650 | 4 | _aHISTORIA DE LA EDUCACION | |
| 650 | 4 | _aSIGLO DIECINUEVE | |
| 650 | 4 | _aFUTURO DE LA EDUCACION | |
| 650 | 4 | _aPROSPECCION EDUCACIONAL | |
| 651 | 4 | _aArgentina | |
| 653 | _aREFORMA UNIVERSITARIA | ||
| 710 | 2 | _aUniversidad Nacional de Córdoba [Argentina] | |
| 710 | 2 | _aFundación Friedrich Ebert | |
| 711 | 2 |
_aSeminario sobre la Reforma de 1918 _cCórdoba, Argentina _9jun. 13-14 _d1988 |
|
| 942 | _cBK | ||
| 998 | _cSILVI | ||
| 999 |
_c5748 _d5748 |
||